[Event "POL-chT3 Wielkopolskie 1415"]
[Site "Poland"]
[Date "2015.01.18"]
[Round "5.29"]
[White "Plonczak, Mateusz"]
[Black "Warchol, Maria"]
[Result "1/2-1/2"]
[WhiteElo "1928"]
[BlackElo "1881"]
[PlyCount "132"]
[EventDate "2014.11.30"]
[EventType "team-tourn"]
[EventRounds "11"]
[EventCountry "POL"]
[SourceTitle "EXT 2019"]
[Source "ChessBase"]
[SourceDate "2018.10.10"]
[SourceVersion "1"]
[SourceVersionDate "2018.10.10"]
[SourceQuality "1"]

1. d4 d5 2. Nf3 e6 3. c4 c6 4. Nc3 dxc4 5. a4 Bb4 6. e3 b5 7. Bd2 Qe7 8. axb5 Bxc3 9. Bxc3 cxb5 10. d5 Nf6 11. d6 Qb7 12. b3 cxb3 13. Qxb3 a6 14. Be2 Nbd7 15. 0-0 0-0 16. Rac1 Qb6 17. Rfd1 Nd5 18. e4 Nc5 19. Qb1 Nxc3 20. Rxc3 f6 21. Qb4 Nd7 22. Bd3 Rb8 23. Ra1 Ne5 24. Nd4 Nxd3 25. Rxd3 Rd8 26. Nb3 Bd7 27. Qc5 Qb7 28. e5 Rbc8 29. Qe3 fxe5 30. Qxe5 Rf8 31. Nd4 Rf6 32. Rg3 Kh8 33. h4 Qb6 34. Nf3 Rc5 35. Qd4 Rc6 36. Rd1 Qxd4 37. Rxd4 Rf5 38. Rg5 Rxg5 39. hxg5 Rc5 40. Re4 Rd5 41. Ne5 Be8 42. d7 Bxd7 43. Nxd7 Rxd7 44. Rxe6 Kg8 45. Rxa6 Rb7 46. Ra3 Kf7 47. f4 Ke6 48. Kf2 Kd5 49. Ke3 b4 50. Rb3 Kc4 51. Rb1 Kc3 52. Rc1+ Kb2 53. Rf1 b3 54. f5 Ka2 55. f6 gxf6 56. gxf6 Rf7 57. Ke4 b2 58. Ke5 b1Q 59. Rxb1 Kxb1 60. Ke6 Ra7 61. f7 Ra8 62. g4 Kc2 63. Ke7 Kd3 64. f8Q Rxf8 65. Kxf8 Ke4 66. Kg7 Kf4 1/2-1/2

[Event "POL-chT3 Wielkopolskie 1415"]
[Site "Poland"]
[Date "2014.12.07"]
[Round "3.5"]
[White "Rozumek, Krzysztof"]
[Black "Plonczak, Mateusz"]
[Result "1/2-1/2"]
[WhiteElo "1938"]
[BlackElo "1928"]
[PlyCount "112"]
[EventDate "2014.11.30"]
[EventType "team-tourn"]
[EventRounds "11"]
[EventCountry "POL"]
[SourceTitle "EXT 2019"]
[Source "ChessBase"]
[SourceDate "2018.10.10"]
[SourceVersion "1"]
[SourceVersionDate "2018.10.10"]
[SourceQuality "1"]

1. Nf3 d5 2. b3 c5 3. Bb2 Nf6 4. e3 Nc6 5. Bb5 Bg4 6. h3 Bxf3 7. Qxf3 Rc8 8. 0-0 e6 9. c4 dxc4 10. bxc4 Be7 11. d4 0-0 12. Rd1 Qb6 13. Bc3 Rfd8 14. dxc5 Rxd1+ 15. Qxd1 Qxc5 16. Nd2 a6 17. Nb3 Qb6 18. Ba4 Qc7 19. Nd2 Rd8 20. Qe2 Qd6 21. Bc2 Qa3 22. Bb3 a5 23. Rd1 Qc5 24. Bc2 Qb6 25. Rb1 Qc7 26. Nf3 Nb4 27. Be5 Qc8 28. Ba4 Nd7 29. Bd4 Bf6 30. Bxd7 Rxd7 31. Bxf6 gxf6 32. a3 Nd3 33. Nd2 Ne5 34. Rb5 Qd8 35. Nb3 Rd1+ 36. Kh2 b6 37. Nd4 Rc1 38. Qb2 Rxc4 39. Rxb6 Qc7 40. Rb8+ Kg7 41. Nxe6+ fxe6 42. Rb7 Nf3+ 43. Kh1 Rc1+ 44. Qxc1 Qxb7 45. gxf3 Qxf3+ 46. Kg1 Qd5 47. Qc7+ Kg6 48. h4 Qd1+ 49. Kh2 Qd5 50. Qf4 Qc5 51. Qg4+ Kf7 52. h5 Qxa3 53. h6 Qf8 54. Qh5+ Ke7 55. Qc5+ Kf7 56. Qh5+ Ke7 1/2-1/2

[Event "POL-chT3 Wielkopolskie 1314"]
[Site "Poland"]
[Date "2013.12.01"]
[Round "3.34"]
[White "Plonczak, Mateusz"]
[Black "Leskiewicz, Ignacy"]
[Result "1-0"]
[WhiteElo "1936"]
[BlackElo "1624"]
[PlyCount "61"]
[EventDate "2013.10.27"]
[EventType "team-tourn"]
[EventRounds "11"]
[EventCountry "POL"]
[SourceTitle "EXT 2015"]
[Source "ChessBase"]
[SourceDate "2014.11.20"]
[SourceVersion "1"]
[SourceVersionDate "2014.11.20"]
[SourceQuality "1"]
[WhiteTeam "Kornik MUKS Wieza Kornicka"]
[BlackTeam "Konin UKS Smecz"]
[WhiteTeamCountry "POL"]
[BlackTeamCountry "POL"]

1. d4 d5 2. c4 e6 3. Nf3 Nf6 4. Nc3 c6 5. Bg5 Nbd7 6. e3 Be7 7. Bd3 dxc4 8. Bxc4 b5 9. Bd3 Bb7 10. a3 a6 11. 0-0 0-0 12. Qe2 Rc8 13. Rfd1 Qc7 14. Rac1 Qb8 15. e4 Nb6 16. e5 Nfd5 17. Qe4 g6 18. Bxe7 Nxe7 19. Qh4 Ned5 20. Qh6 f6 21. Re1 Rc7 22. exf6 Rxf6 23. Ne4 Rf8 24. Neg5 Nf4 25. Bb1 Bc8 26. Ne5 Rb7 27. g3 Nfd5 28. Nxe6 Nf6 29. Nc5 Rg7 30. Ba2+ Nbd5 31. Rc2 1-0

[Event "POL-chT2"]
[Site "Poronin"]
[Date "2013.09.07"]
[Round "1.70"]
[White "Malecki, Rafal"]
[Black "Plonczak, Mateusz"]
[Result "1-0"]
[WhiteElo "2112"]
[BlackElo "1963"]
[PlyCount "85"]
[EventDate "2013.09.06"]
[EventType "team-swiss"]
[EventRounds "9"]
[EventCountry "POL"]
[SourceTitle "EXT 2015"]
[Source "ChessBase"]
[SourceDate "2014.11.20"]
[SourceVersion "1"]
[SourceVersionDate "2014.11.20"]
[SourceQuality "1"]
[WhiteTeam "Chroscice LZS Victoria"]
[BlackTeam "Kornik MUKS Wieza Kornicka"]
[WhiteTeamCountry "POL"]
[BlackTeamCountry "POL"]

1. Nf3 d5 2. g3 c5 3. Bg2 Nc6 4. 0-0 e5 5. d3 Nf6 6. Bg5 Be7 7. Nfd2 0-0 8. Bxf6 Bxf6 9. Nc3 Be6 10. e4 dxe4 11. dxe4 Ne7 12. Qe2 a6 13. a4 Qc7 14. Nd5 Nxd5 15. exd5 Bd7 16. Rfd1 Rae8 17. Ne4 Bd8 18. Qc4 b6 19. a5 Bb5 20. axb6 Qb8 21. Qa2 Bxb6 22. c4 Bd7 23. Qxa6 f5 24. Nc3 e4 25. Re1 Rf6 26. Qa3 Qd6 27. Qb3 Rh6 28. Nb5 Qg6 29. Ra6 f4 30. d6 Bd8 31. Ra8 f3 32. Bf1 Qh5 33. h4 Qg4 34. Nc7 Rf8 35. Qd1 Rxh4 36. Qd5+ Kh8 37. Qf7 Rg8 38. Rxd8 Rxd8 39. Qe7 Rh1+ 40. Kxh1 Rb8 41. Qxe4 Qh5+ 42. Kg1 h6 43. Bd3 1-0

[Event "POL-chT 2nd League"]
[Site "Lazy"]
[Date "2012.09.07"]
[Round "7"]
[White "Skrzypczak, Michal"]
[Black "Plonczak, Mateusz"]
[Result "1-0"]
[WhiteElo "1990"]
[BlackElo "1965"]
[PlyCount "107"]
[EventDate "2012.09.01"]
[EventType "team-swiss"]
[EventRounds "9"]
[EventCountry "POL"]
[SourceTitle "EXT 2019"]
[Source "ChessBase"]
[SourceDate "2018.10.10"]
[SourceVersion "1"]
[SourceVersionDate "2018.10.10"]
[SourceQuality "1"]
[WhiteTeam "Srem LKS Piast"]
[BlackTeam "Kornik MUKS Wieza Kornicka"]
[WhiteTeamCountry "POL"]
[BlackTeamCountry "POL"]

1. b4 e5 2. Bb2 d6 3. e4 Nf6 4. Nc3 Nc6 5. b5 Nd4 6. Nge2 c5 7. bxc6 Nxc6 8. h3 Be7 9. Ng3 Be6 10. Bb5 0-0 11. 0-0 Nd4 12. Bd3 Rc8 13. Nce2 Nc6 14. a3 Nd7 15. Kh1 Nc5 16. f4 Nxd3 17. cxd3 f6 18. d4 Qb6 19. Rb1 Ba2 20. d5 Bxb1 21. Qxb1 Nb8 22. Nf5 Rf7 23. d4 Nd7 24. Neg3 Bf8 25. Qa1 Rc2 26. dxe5 Qxb2 27. Qxb2 Rxb2 28. e6 Nc5 29. exf7+ Kxf7 30. Nd4 Rd2 31. Nb5 a6 32. Nc7 Rd3 33. Rf3 Rxf3 34. gxf3 g6 35. Ne2 Bh6 36. Kg2 Ke7 37. Kg3 Kd7 38. Na8 Na4 39. Nd4 Bf8 40. Nc7 Bh6 41. Nce6 Nb6 42. Nc2 Ke8 43. Ne3 Bf8 44. Kf2 Be7 45. Ke2 Kd7 46. Kd3 Na4 47. Kc4 Nc5 48. Nxc5+ dxc5 49. a4 b6 50. e5 g5 51. e6+ Kd8 52. fxg5 fxg5 53. Nf5 Ke8 54. d6 1-0

[Event "POL-chT 2nd League"]
[Site "Lazy"]
[Date "2012.09.06"]
[Round "6"]
[White "Plonczak, Mateusz"]
[Black "Wozny, Tomasz"]
[Result "1/2-1/2"]
[WhiteElo "1965"]
[BlackElo "1783"]
[PlyCount "88"]
[EventDate "2012.09.01"]
[EventType "team-swiss"]
[EventRounds "9"]
[EventCountry "POL"]
[SourceTitle "EXT 2019"]
[Source "ChessBase"]
[SourceDate "2018.10.10"]
[SourceVersion "1"]
[SourceVersionDate "2018.10.10"]
[SourceQuality "1"]
[WhiteTeam "Kornik MUKS Wieza Kornicka"]
[BlackTeam "Przemysl MKS Polonia"]
[WhiteTeamCountry "POL"]
[BlackTeamCountry "POL"]

1. d4 d5 2. c4 c6 3. Nf3 Nf6 4. Nc3 e6 5. e3 Bd6 6. Bd3 dxc4 7. Bxc4 Nbd7 8. 0-0 0-0 9. e4 e5 10. Bg5 Qc7 11. d5 Nb6 12. Be2 Nfd7 13. Rc1 a6 14. dxc6 bxc6 15. Qc2 h6 16. Be3 Bb7 17. Rfd1 Rfd8 18. Nh4 Bf8 19. Nf5 Nf6 20. Qb3 c5 21. f3 Rxd1+ 22. Rxd1 Bc8 23. Ng3 Be6 24. Qc2 Kh8 25. Nf1 Bc4 26. Bxc4 Nxc4 27. Bf2 Na5 28. Nd5 Nxd5 29. Rxd5 Rc8 30. Qc3 f6 31. Ne3 Qb6 32. b3 Nc6 33. Nf5 Qb4 34. Qd3 Qa5 35. Qd2 Nb4 36. a4 Qb6 37. Rd7 Nc6 38. Qd5 Rc7 39. Rxc7 Qxc7 40. Bxc5 Nb4 41. Bxb4 Qc1+ 42. Kf2 Bxb4 43. Kg3 Qg5+ 44. Kf2 Qc1 1/2-1/2

[Event "POL-chT 2st League"]
[Site "Mrzezyno"]
[Date "2010.09.04"]
[Round "1.77"]
[White "Iwanow, Anna"]
[Black "Plonczak, Mateusz"]
[Result "1-0"]
[WhiteElo "2112"]
[BlackElo "1953"]
[PlyCount "73"]
[EventDate "2010.09.04"]
[EventType "team-swiss"]
[EventRounds "9"]
[EventCountry "POL"]
[SourceTitle "EXT 2019"]
[Source "ChessBase"]
[SourceDate "2018.10.10"]
[SourceVersion "1"]
[SourceVersionDate "2018.10.10"]
[SourceQuality "1"]
[WhiteTeam "Wroclaw KS Polonia II"]
[BlackTeam "Kornik MUKS Wieza Kornicka"]
[WhiteTeamCountry "POL"]
[BlackTeamCountry "POL"]

1. e4 e6 2. d4 d5 3. Nc3 Bb4 4. e5 c5 5. a3 Bxc3+ 6. bxc3 Ne7 7. Qg4 Kf8 8. Bd2 Qc7 9. Bd3 b6 10. h4 Ba6 11. h5 h6 12. Nf3 cxd4 13. cxd4 Bxd3 14. cxd3 Nbc6 15. Qf4 Ke8 16. Rc1 Qb7 17. g4 Kd7 18. Qe3 Rac8 19. Ke2 Qa6 20. Rc3 Qa4 21. Rb1 Rhd8 22. Qf4 Ke8 23. Ke3 Na5 24. Rbc1 Rc6 25. Rxc6 Naxc6 26. Nh4 Rd7 27. Rg1 b5 28. g5 hxg5 29. Rxg5 Kf8 30. Rg4 Qd1 31. h6 g6 32. Nxg6+ Nxg6 33. Rxg6 Nxd4 34. Bb4+ Re7 35. Rg8+ Kxg8 36. Qg5+ Kf8 37. Qg7+ 1-0

[Event "Poznan op 19th"]
[Site "Poznan"]
[Date "2010.08.07"]
[Round "7"]
[White "Plonczak, Mateusz"]
[Black "Szymanski, Leszek"]
[Result "1-0"]
[WhiteElo "1977"]
[BlackElo "1862"]
[PlyCount "43"]
[EventDate "2010.08.01"]
[EventType "swiss"]
[EventRounds "9"]
[EventCountry "POL"]
[SourceTitle "CBM 138 Extra"]
[Source "ChessBase"]
[SourceDate "2010.10.29"]
[SourceVersion "1"]
[SourceVersionDate "2010.10.29"]
[SourceQuality "1"]

1. d4 e6 2. c4 d5 3. Nf3 c6 4. Nc3 Nf6 5. Bg5 Bb4 6. e3 Nbd7 7. Qc2 Qa5 8. Nd2 Bxc3 9. bxc3 Ne4 10. Nxe4 dxe4 11. Bh4 f5 12. Be2 Nf6 13. Bxf6 gxf6 14. Bh5+ Ke7 15. 0-0 f4 16. c5 fxe3 17. Qxe4 exf2+ 18. Rxf2 Qxc3 19. Raf1 e5 20. Qh4 Be6 21. Qxf6+ Kd7 22. Qg7+ 1-0

[Event "Poznan op 19th"]
[Site "Poznan"]
[Date "2010.08.05"]
[Round "5"]
[White "Plonczak, Mateusz"]
[Black "Kuzma, Mateusz"]
[Result "1-0"]
[WhiteElo "1977"]
[BlackElo "1715"]
[PlyCount "37"]
[EventDate "2010.08.01"]
[EventType "swiss"]
[EventRounds "9"]
[EventCountry "POL"]
[SourceTitle "CBM 138 Extra"]
[Source "ChessBase"]
[SourceDate "2010.10.29"]
[SourceVersion "1"]
[SourceVersionDate "2010.10.29"]
[SourceQuality "1"]

1. d4 e6 2. c4 Nf6 3. Nf3 d5 4. Nc3 dxc4 5. Bg5 Nbd7 6. e4 Be7 7. Bxc4 Nb6 8. Bb3 0-0 9. 0-0 Bd7 10. Qe2 Rc8 11. Rfd1 c5 12. dxc5 Rxc5 13. Be3 Rc8 14. a4 a6 15. a5 Na8 16. e5 Ne8 17. Ba4 Rc7 18. Bb6 Nxb6 19. axb6 1-0

[Event "Poznan op 19th"]
[Site "Poznan"]
[Date "2010.08.04"]
[Round "4"]
[White "Hoffmann, Piotr"]
[Black "Plonczak, Mateusz"]
[Result "1-0"]
[WhiteElo "1791"]
[BlackElo "1977"]
[PlyCount "95"]
[EventDate "2010.08.01"]
[EventType "swiss"]
[EventRounds "9"]
[EventCountry "POL"]
[SourceTitle "CBM 138 Extra"]
[Source "ChessBase"]
[SourceDate "2010.10.29"]
[SourceVersion "1"]
[SourceVersionDate "2010.10.29"]
[SourceQuality "1"]

1. Nc3 d5 2. e4 d4 3. Nce2 e5 4. Nf3 Nc6 5. Ng3 Be6 6. Bb5 Bd6 7. 0-0 h5 8. d3 f6 9. Nh4 Bf7 10. Ngf5 g6 11. Nxd6+ Qxd6 12. f4 0-0-0 13. Bxc6 bxc6 14. fxe5 Qxe5 15. Nf3 Qd6 16. Qe1 Nh6 17. e5 fxe5 18. Qxe5 Bd5 19. Qxd6 Rxd6 20. Bxh6 Rxh6 21. Nxd4 Rh8 22. Nb3 Re6 23. Rae1 Rhe8 24. Rxe6 Bxe6 25. Re1 Kd8 26. Nd4 Bxa2 27. Nxc6+ Kd7 28. Rxe8 Kxe8 29. c3 Bb1 30. Ne5 g5 31. Kf2 Ke7 32. Ke3 Ba2 33. Kd4 Kd6 34. c4 Ke6 35. Nc6 Kf5 36. Ke3 Bb3 37. Nxa7 Ba4 38. b4 Bd7 39. d4 h4 40. c5 c6 41. d5 cxd5 42. c6 Be6 43. c7 g4 44. c8Q Bxc8 45. Nxc8 d4+ 46. Kxd4 Kf4 47. b5 g3 48. h3 1-0

[Event "POL-ch U18"]
[Site "Leba"]
[Date "2006.03.28"]
[Round "5"]
[White "Plonczak, Mateusz"]
[Black "Furman, Bartosz"]
[Result "1/2-1/2"]
[WhiteElo "2028"]
[BlackElo "1866"]
[PlyCount "140"]
[EventDate "2006.03.25"]
[EventType "swiss"]
[EventRounds "11"]
[EventCountry "POL"]
[SourceTitle "CBM 111 Extra"]
[Source "ChessBase"]
[SourceDate "2006.05.09"]
[SourceVersion "1"]
[SourceVersionDate "2006.05.09"]
[SourceQuality "1"]

1. d4 e6 2. c4 f5 3. g3 Nf6 4. Bg2 d5 5. Nf3 c6 6. 0-0 Bd6 7. b3 Qe7 8. Qc2 0-0 9. Bb2 Nbd7 10. Nc3 Ne4 11. Nd2 Qg5 12. Bc1 Qf6 13. e3 Qh6 14. Ndxe4 fxe4 15. f3 exf3 16. Rxf3 Rxf3 17. Bxf3 Qh3 18. Qg2 Qxg2+ 19. Bxg2 Bb4 20. Ne2 Nb6 21. c5 Nd7 22. e4 dxe4 23. a3 Ba5 24. b4 Bc7 25. Bxe4 Nf6 26. Bg2 e5 27. Bb2 exd4 28. Bxd4 Be6 29. Nf4 Bxf4 30. gxf4 Nd5 31. Be5 Rf8 32. Re1 Kf7 33. Bd6 Re8 34. Be5 Rf8 35. Be4 g6 36. Kg2 Nf6 37. Bxf6 Kxf6 38. Rd1 Ke7 39. Kg3 Bf5 40. Bf3 Rd8 41. Rxd8 Kxd8 42. Kh4 h6 43. Kg3 Ke7 44. Kf2 Kf6 45. Ke3 Bc8 46. a4 a6 47. Be4 Bf5 48. Bg2 Bc8 49. Bf3 Kf5 50. Be4+ Kf6 51. Bg2 Ke7 52. Kd4 Kf6 53. h4 h5 54. Ke3 Ke7 55. Kd4 Kf6 56. Bf1 Bd7 57. Bg2 Bc8 58. Be4 Bf5 59. Bf3 Bc8 60. Bg2 Be6 61. Bf3 Bc8 62. Ke3 Kf5 63. Be2 Bd7 64. Kf3 Kf6 65. Bd3 Bf5 66. Bc4 Be6 67. Bf1 Bd5+ 68. Ke3 Be6 69. Bg2 Bc8 70. Kd4 Be6 1/2-1/2

[Event "POL-ch U18"]
[Site "Leba"]
[Date "2006.03.26"]
[Round "3"]
[White "Czarnecki, Wojciech"]
[Black "Plonczak, Mateusz"]
[Result "1/2-1/2"]
[WhiteElo "1945"]
[BlackElo "2028"]
[PlyCount "59"]
[EventDate "2006.03.25"]
[EventType "swiss"]
[EventRounds "11"]
[EventCountry "POL"]
[SourceTitle "CBM 111 Extra"]
[Source "ChessBase"]
[SourceDate "2006.05.09"]
[SourceVersion "1"]
[SourceVersionDate "2006.05.09"]
[SourceQuality "1"]

1. c4 c6 2. Nc3 d5 3. cxd5 cxd5 4. d4 Nc6 5. Nf3 Nf6 6. Qb3 Na5 7. Qc2 e6 8. Bf4 Be7 9. Nb5 0-0 10. a3 a6 11. Bc7 Qe8 12. Bxa5 axb5 13. Bd2 b4 14. Qb3 Qa4 15. Qxa4 Rxa4 16. Bc1 bxa3 17. bxa3 Bd7 18. e3 Rfa8 19. Rb1 Bc6 20. Ne5 Bxa3 21. Bxa3 Rxa3 22. Nxc6 bxc6 23. Be2 Ne4 24. Rc1 Ra1 25. 0-0 Rxc1 26. Rxc1 Rc8 27. Bb5 Rb8 28. Bxc6 g6 29. Ba4 Rb2 30. Rf1 1/2-1/2